000 00490nam a2200181Ia 4500
005 20250326123436.0
008 250326s9999 xx 000 0 und d
037 _aTextbook
040 _aFMSL
_beng
_cFMSL
041 _aeng
_2eng
084 _aX:89w P4
_qFMSL
100 _aChappell D A
_9735158
245 0 _aEnterprise service bus
_cChappell D A
260 _aNew Delhi
_bNew Delhi, Shroff
_c2004
300 _a247p
942 _cTB
_hX:89w P4
999 _c1269383
_d1269383